• 首页
  • 本馆介绍
  • 公告通知
  • 最新文献
  • 馆藏检索
  • 电子资源
  • 读者导购
  • 参考咨询
  • 我的图书馆
  • 登录
  • 详细信息显示
  • 放入我的书架
  • 预约/预借图书
  • 作者相关作品
  • 分类相关作品
  • 丛书相关作品
  • 出版社相关作品

书目信息

  • 表格格式
  • 工作单格式
  • 卡片格式
题名:
正交设计
    
 
作者: ;北京大学数学力学系数学专业概率统计组 编
分册:  
出版信息: 北京   人民教育出版社  1977
页数: 218页
开本: 20cm
丛书名:
单 册:
中图分类: O224
科图分类:
主题词: 正交--方法
电子资源:
ISBN:
000 00728nam0 2200229 45
001 0177000998
005 20060718103259.09
010    @dCNY0.62
091    @a13012.028
100    @a19951009d1977 em y0chiy0121 ea
101 0  @achi
102    @aCN@b110000
105    @ay z 000yy
200 10 @a正交设计@Azheng jiao she ji@e一种安排多因素试验的数学方法@f北京大学数学力学系数学专业概率统计组编
210    @a北京@c人民教育出版社@d1977
215    @a218页@d20cm
606    @a正交@x方法
690    @aO224@v3
711 02 @a北京大学数学力学系数学专业概率统计组@Abei jing da xue shu xue li xue xi shu xue zhuan ye gai lv tong ji zu@4编
801  2 @aCN@bNLC@c20060718
801  0 @aCN@b广东省中山图书馆@c20040520
905    @dO224@e11
    
    正交设计:一种安排多因素试验的数学方法/北京大学数学力学系数学专业概率统计组编.-北京:人民教育出版社,1977
    218页;20cm
    
    
    ISBN :CNY0.62
    
●
相关链接 在E读中查询图书 在五车中查询图书 在当当中查询图书 在豆瓣中查询图书


正题名:正交设计     索取号:O224/11         预约/预借

序号 登录号 条形码 馆藏地/架位号 状态 备注
1 0006628   001443414   第二样本阅览室/ [索取号:O224/11] 在馆    
2 0008628   001443469   第三借阅区/ [索取号:O224/11] 在馆    
3 0429494   204294940   密集书库/ [索取号:O224/11] 在馆    
唐山师范学院图书馆 欢迎您!
大连网信软件有限公司© 版权所有